000
00275cam a22000977a 4500
008
180718b1955 xxu||||| |||| 00| 0 eng d
082
_a
D89x5442
245
_a
Rehabilitation of displaced persons in Saurashtra
260
_a
Rajkot
_b
Government of Saurashtra
_c
1955
300
_a
9p.
999
_c
490296
_d
490296